00382 2200157 4500001002100000005001500021035002000036245004500056100001200101300000800113260004600121082001000167084001600177020001900193600001200212INLIS00000000003273920260210104425 a0010-02260000701 asuccessful presentation /cmichael brown0 amichael a207 ajakarta :bPT. Bhuana ilmu populer,c2006 a808.5 a808.5 MIC s a979-7988-011-1 4amichael